000
00289nam a22001217a 4500
082
_a
669 MET'L
100
_a
LYMAN, TAYLOR
_9
60605
245
_a
METALS HANDBOOK VOL-1 PROPERTION AND SELECTION OF METALS
250
_a
8TH
260
_a
USA
_b
ASM
_c
1961
300
_a
XI, 1300P
942
_c
BK
999
_c
584732
_d
584732